LEADER 01327nam0-2200433---450- 001 990000281750203316 005 20090320162248.0 010 $a88-15-07380-9$d45000 035 $a0028175 035 $aUSA010028175 035 $a(ALEPH)000028175USA01 035 $a0028175 100 $a20001025d2000----||ita|01 ba 101 $aita 102 $aIT 105 $a|||| ||||| 200 1 $a<> governo delle opinioni$ecensura e formazione del consenso nella Toscana del Settecento$fSandro Landi 210 $aBologna$cIl mulino$d2000 215 $a384 p.$d22 cm 225 $aRicerca 300 $aSegue: Appendice 410 1$12001$aRicerca 606 $aOpinione pubblica$aToscana $aSec. 18. 610 0 $aCensura$aToscana$aSec. 17.-18. 676 $a303.376 700 1$aLANDI,$bSandro$0255147 801 0$aIT$bUNFI$c20000905 912 $a990000281750203316 951 $a303.376 LAN 1 (ISP II 986)$b26457 G.$cISP II$d00005946 959 $aBK 969 $aECO 979 $aTAMI$b40$c20001025$lUSA01$h1647 979 $aTAMI$b40$c20001025$lUSA01$h1650 979 $c20001110$lUSA01$h1716 979 $c20020403$lUSA01$h1636 979 $aPATRY$b90$c20040406$lUSA01$h1620 979 $aRSIAV4$b90$c20090320$lUSA01$h1622 996 $aGoverno delle opinioni$9628265 997 $aUNISA LEADER 00910nam a22002411i 4500 001 991002493269707536 005 20040329112557.0 008 040407s1957 it |||||||||||||||||ita 035 $ab12930866-39ule_inst 035 $aARCHE-091047$9ExL 040 $aDip.to Scienze Storiche$bita$cA.t.i. Arché s.c.r.l. Pandora Sicilia s.r.l. 082 04$a507.2 245 00$aAi vertici della ricerca 260 $aBrescia :$bLa scuola,$c1957 300 $a1 v. ;$c22 cm 440 0$aScienza e lavoro.$pQuaderni di divulgazione scientifica 650 4$aRicerca scientifica$ySec. 20.$xAggiornamento 907 $a.b12930866$b02-04-14$c16-04-04 912 $a991002493269707536 945 $aLE009 GEOG.Coll.11/70$g1$i2009000348768$lle009$o-$pE0.00$q-$rn$so $t0$u0$v0$w0$x0$y.i13504976$z16-04-04 996 $aAi vertici della ricerca$9281410 997 $aUNISALENTO 998 $ale009$b16-04-04$cm$da $e-$fita$git $h0$i1